El arbitraje al derecho y al revš

Detalles Bibliográficos
Autor principal: Gonzl̀ez de Cosso̕, Francisco
Formato: Software eBook
Lenguaje:español
Publicado: Lima: Palestra Editores, 2020
Materias:
Acceso en línea:Acceso restringido

MARC

LEADER 00000nam a22000007a 4500
005 2022081803353.0
007 co|||| ||||
008 220818s2020 pe |||||s|||| 00||0 spa d
020 |a 9786123251154 
035 |a 36886 
040 |a vLex 
090 |c 13752  |d 13752 
100 1 |a Gonzl̀ez de Cosso̕, Francisco 
245 1 2 |a El arbitraje al derecho y al revš  |h [Recurso electrn̤ico] /  |c Francisco Gonzl̀ez de Cosso̕ 
256 |a Servicio en ln̕ea 
260 |a Lima:  |b Palestra Editores,  |c 2020 
300 |a 1 recurso electrn̤ico 
500 |a En este primer volumen, que es parte de la Coleccin̤ Litigio Arbitral, el autor abarca las principales cuestiones del arbitraje, desde una mirada acuciosa y crt̕ica, analizando varios aspectos actuales y controvertidos de la institucin̤ arbitral, esmerǹdose en explicar todas las posturas que existen al respecto. Una lectura obligatoria para todas las personas interesadas en el mundo del arbitraje. 
506 1 |a Disponible solo en los productos indicados  |d vLex Global  |d vLex Global (Academic Edition, excluding Law Schools)  |d vLex Global (U.S. Academic Edition, Law Schools)  |d vLex Global (U.S. Academic Edition, excluding Law Schools)  |d vLex Global (Academic Edition, Law Schools) 
650 0 4 |a Arbitraje  |z Per︢ 
740 0 |a vLex Libros (Servicio en ln̕ea) 
856 4 0 |u https://app.vlex.com/#/sources/36886  |z Acceso restringido 
942 |c BOOK 
999 0 |a Arbitraje